Juan XXIII (Record no. 42402)

MARC details
000 -LEADER
campo de control de longitud fija 00485nam a2200169 i 4500
001 - NÚMERO DE CONTROL
campo de control 42402
003 - IDENTIFICADOR DE NÚMERO DE CONTROL
campo de control ES-MaACL
005 - FECHA Y HORA DE LA ÚLTIMA TRANSACCIÓN
campo de control 20230906160614.0
007 - CAMPO FIJO DE DESCRIPCIÓN FÍSICA--INFORMACIÓN GENERAL
campo de control de longitud fija t|
008 - DATOS DE LONGITUD FIJA--INFORMACIÓN GENERAL
campo de control de longitud fija 030313s1968 sp ||||1| spa d
100 1# - ENTRADA PRINCIPAL--NOMBRE DE PERSONA
Nombre de persona Castrillo, Juan María.
9 (RLIN) 36813
245 10 - MENCIÓN DEL TÍTULO
Título Juan XXIII
Resto del título : una vida mariana /
Mención de responsabilidad, etc. Juan María Castrillo.
260 ## - PUBLICACIÓN, DISTRIBUCIÓN, ETC.
Lugar de publicación, distribución, etc. Madrid :
Nombre del editor, distribuidor, etc. Coclusa,
Fecha de publicación, distribución, etc. [1968]
300 ## - DESCRIPCIÓN FÍSICA
Extensión 310 p. ;
Dimensiones 20 cm.
600 04 - PUNTO DE ACCESO ADICIONAL DE MATERIA--NOMBRE DE PERSONA
Nombre de persona Juan
Numeración XIII
Títulos y otros términos asociados al nombre Papa, Santo.
9 (RLIN) 67136
852 ## - LOCALIZACIÓN
Ubicación ES-MaACL
Número de control de estantería G-4529
Sublocalización o colección R.65711
Holdings
Estatus retirado Estado de pérdida Estado de daño No para préstamo Biblioteca de origen Biblioteca actual Ubicación en estantería Fecha de adquisición Fuente de adquisición Total de préstamos Signatura topográfica completa Código de barras Visto por última vez Precio de reemplazo Tipo de ítem Koha
        Biblioteca del Ateneo de Madrid Biblioteca del Ateneo de Madrid Depósito 2 17/01/2008     G-4529 1044619 23/02/2023 23/02/2023 Libro impreso